| 000 | 00784cam a2200241 4500 | ||
|---|---|---|---|
| 001 | L157137 | ||
| 008 | 110907n2011 001 0 eng u | ||
| 020 | _a9780951458884 | ||
| 035 | _a(Sirsi) u157137 | ||
| 050 | 0 | 4 | _a631.1 $2 18 |
| 100 | 1 | _aNix, John | |
| 245 | 0 | 0 | _aFarm management pocketbook |
| 250 | _a42th ed. | ||
| 260 |
_aLeicestershire _bThe Pocketbook _c2011 |
||
| 300 |
_aviii, 284p _c22cm. |
||
| 350 | _a20 | ||
| 505 | 2 | _aGeneral -- Enterprise data -- Government suppory --Labour -- Machinery --- Other fixed costs data -- Taxation -- Farm business management -- Miscellaneous data. | |
| 520 | _aCovers all aspects of farm management. Superceded by 43rd edition | ||
| 590 | _aKA | ||
| 651 | 4 | _aENGLAND AND WALES | |
| 690 |
_aRural _96268 |
||
| 942 |
_n0 _2ddc |
||
| 999 |
_c114621 _d114621 |
||